Music Quiz

Random Music or Bands Quiz

Musicians' Real Names Quiz Stats

 Plays Quiz Updated Sep 26, 2018

Also try: Literal Musicians
Challenge
Share
Tweet
Embed
Score 0/20 Timer 05:00
1 Play Today
Real Name Stage Name % Correct
Marshall Bruce Mathers IIIEminem
90.3%
John Francis BongioviJon Bon Jovi
70.2%
Gordon Matthew SumnerSting
46.8%
Robert Van WinkleVanilla Ice
40.2%
Robert Allen ZimmermanBob Dylan
39.6%
Cherilyn Sarkisian LaPierreCher
39.3%
Paul HewsonBono
35%
Alecia MoorePink
30.8%
Richard Steven ValenzuelaRitchie Valens
19.7%
Audrey Faith PerryFaith Hill
17.7%
Real Name Stage Name % Correct
Annie Mae BullockTina Turner
17.4%
Declan Patrick Aloysius McManusElvis Costello
14.8%
Kenneth GorelickKenny G
12.9%
Henry John DeutschendorfJohn Denver
11.8%
William Bruce BaileyAxl Rose
11.4%
Henry Olusegun Olumide SamuelSeal
10.9%
Stanley Kirk BurrellMC Hammer
8.6%
Helen Folasade AduSade
8.2%
Edward Louis Severson IIIEddie Vedder
4.4%
Virginia Patterson HensleyPatsy Cline
4%

You're not logged in!

Compare scores with friends on all Sporcle quizzes.
OR
Log In

You Might Also Like...

Show Comments

Extras

Top Quizzes Today


Score Distribution

Your Account Isn't Verified!

In order to create a playlist on Sporcle, you need to verify the email address you used during registration. Go to your Sporcle Settings to finish the process.

Report this User

Report this user for behavior that violates our Community Guidelines.

Details: